|
|
|
|
| LEADER |
02388cam a2200637 a 4500 |
| 001 |
nkc20091868210 |
| 003 |
CZ PrNK |
| 005 |
20130702090551.0 |
| 007 |
ta |
| 008 |
090511s2009 xr f 001 0 cze d |
| 015 |
|
|
|a cnb001868210
|
| 020 |
|
|
|a 978-80-247-2947-3
|q (brož.)
|
| 035 |
|
|
|a (OCoLC)428366705
|
| 040 |
|
|
|a KLG001
|b cze
|d BOA001
|d ABA001
|
| 041 |
0 |
|
|a cze
|b eng
|
| 072 |
|
7 |
|a 159.92
|x Vývojová psychologie. Individuální psychologie
|2 Konspekt
|9 17
|
| 080 |
|
|
|a 159.944
|2 MRF
|
| 080 |
|
|
|a 159.913
|2 MRF
|
| 080 |
|
|
|a 613.86
|2 MRF
|
| 080 |
|
|
|a 316.62:364.624.2
|2 MRF
|
| 080 |
|
|
|a 159.922
|2 MRF
|
| 080 |
|
|
|a 159.97
|2 MRF
|
| 080 |
|
|
|a 159.9-022.211
|2 MRF
|
| 080 |
|
|
|a (048.8)
|2 MRF
|
| 100 |
1 |
|
|a Šolcová, Iva,
|d 1948-
|7 mzk2005273209
|4 aut
|
| 245 |
1 |
0 |
|a Vývoj resilience v dětství a dospělosti /
|c Iva Šolcová
|
| 250 |
|
|
|a Vyd. 1.
|
| 260 |
|
|
|a Praha :
|b Grada,
|c 2009
|
| 300 |
|
|
|a 102 s. ;
|c 21 cm
|
| 490 |
1 |
|
|a Psyché
|
| 504 |
|
|
|a Obsahuje bibliografii a rejstříky
|
| 546 |
|
|
|a Anglické resumé
|
| 650 |
0 |
7 |
|a psychická odolnost
|7 ph124783
|2 czenas
|
| 650 |
0 |
7 |
|a stres (psychologie)
|7 ph116294
|2 czenas
|
| 650 |
0 |
7 |
|a adjustace (psychologie)
|7 ph118256
|2 czenas
|
| 650 |
0 |
7 |
|a vývojová psychologie
|7 ph116715
|2 czenas
|
| 650 |
0 |
7 |
|a psychopatologie
|7 ph124819
|2 czenas
|
| 650 |
0 |
7 |
|a pozitivní psychologie
|7 ph214679
|2 czenas
|
| 650 |
0 |
9 |
|a psychic resistance
|2 eczenas
|
| 650 |
0 |
9 |
|a stress (psychology)
|2 eczenas
|
| 650 |
0 |
9 |
|a adjustment (psychology)
|2 eczenas
|
| 650 |
0 |
9 |
|a developmental psychology
|2 eczenas
|
| 650 |
0 |
9 |
|a psychopathology
|2 eczenas
|
| 650 |
0 |
9 |
|a positive psychology
|2 eczenas
|
| 653 |
0 |
|
|a resilience
|a vývojová psychopatologie
|
| 655 |
|
7 |
|a studie
|7 fd133597
|2 czenas
|
| 655 |
|
9 |
|a studies
|2 eczenas
|
| 830 |
|
0 |
|a Psyché (Grada)
|0 s
|
| 856 |
4 |
1 |
|u https://www.digitalniknihovna.cz/mzk/uuid/uuid:f2e387c0-d440-11e3-b110-005056827e51
|y Digitalizovaný dokument
|x NDK
|
| 910 |
2 |
|
|a BOA001
|b 2-1224.275
|
| 990 |
|
|
|a BK
|
| 995 |
|
|
|a 01
|
| 991 |
|
|
|b 200906
|c NOV
|j 159.9 ŠOL
|
| 996 |
6 |
|
|b 2610379519
|c 2-1224.275
|l MZK
|r Sklad / do 1 hodiny
|n 41
|p p.v.
|w 000940921
|u 000010
|a 1
|e BOA001
|j MZK50
|s P
|
| 996 |
7 |
|
|b 2610554745
|c 2-1224.275
|l Vol.výběr
|r VV 0p
|n 38
|p kup
|h 159.92 ŠOL
|w 000940921
|u 000020
|a 0
|e BOA001
|j MZK50
|s A
|
| 996 |
7 |
|
|b 2610554746
|c 2-1224.275
|l Vol.výběr
|r VV 0p
|n 31
|p kup
|h 159.92 ŠOL
|w 000940921
|u 000030
|a 0
|e BOA001
|j MZK50
|s A
|